<?xml version="1.0" encoding="UTF-8"?>
<marc:record xmlns:marc="http://www.loc.gov/MARC21/slim">
   <marc:leader>00000nam a2200000 a 4500</marc:leader>
   <marc:datafield ind1="1" ind2=" " tag="100">
      <marc:subfield code="a">Chainani, Soman</marc:subfield>
      <marc:subfield code="4">aut</marc:subfield>
      <marc:subfield code="e">Verfasser/-in</marc:subfield>
   </marc:datafield>
   <marc:datafield ind1=" " ind2=" " tag="653">
      <marc:subfield code="a">Fantasy</marc:subfield>
   </marc:datafield>
   <marc:datafield ind1="0" ind2="0" tag="245">
      <marc:subfield code="a">The school for good and evil</marc:subfield>
   </marc:datafield>
   <marc:datafield ind1="0" ind2="0" tag="245">
      <marc:subfield code="b">Es kann nur eine geben</marc:subfield>
   </marc:datafield>
   <marc:datafield ind1="0" ind2="0" tag="245">
      <marc:subfield code="c">Chainani, Soman</marc:subfield>
   </marc:datafield>
   <marc:datafield ind1=" " ind2="1" tag="264">
      <marc:subfield code="a">Ravensburg</marc:subfield>
      <marc:subfield code="b">Ravensburger Buchverlag</marc:subfield>
   </marc:datafield>
   <marc:datafield ind1="1" ind2=" " tag="490">
      <marc:subfield code="a">The School für Good and Evil</marc:subfield>
      <marc:subfield code="v">1. Bd.</marc:subfield>
   </marc:datafield>
   <marc:datafield ind1=" " ind2=" " tag="250">
      <marc:subfield code="a">Dt. Erstausgabe</marc:subfield>
   </marc:datafield>
   <marc:datafield ind1="1" ind2=" " tag="520">
      <marc:subfield code="a">Auf der Schule der Guten und der Schule der Bösen werden Jugendliche für ihre spätere Karriere in einem Märchen ausgebildet: als Helden und Prinzessinnen oder aber als Schurken und Hexen. Sophie träumt seit Jahren davon, Prinzessin zu werden. Ihre Freundin Agatha dagegen scheint mit ihrem etwas düsteren Wesen für die entgegengesetzte Laufbahn vorbestimmt. Doch das Schicksal entscheidet anders und stellt die Freundschaft der Mädchen auf eine harte Probe ...&#xD;
&#xD;
&#xD;
&#xD;
Weitere Titel der Reihe "The School for Good and Evil":&#xD;
Band 1: Es kann nur eine geben&#xD;
Band 2: Eine Welt ohne Prinzen&#xD;
Band 3: Und wenn sie nicht gestorben sind&#xD;
Band 4: Ein Königreich auf einen Streich</marc:subfield>
   </marc:datafield>
   <marc:datafield ind1=" " ind2=" " tag="020">
      <marc:subfield code="a">9783473401277</marc:subfield>
      <marc:subfield code="9">9783473401277</marc:subfield>
   </marc:datafield>
   <marc:datafield ind1=" " ind2=" " tag="020">
      <marc:subfield code="a">3473401277</marc:subfield>
      <marc:subfield code="9">3473401277</marc:subfield>
   </marc:datafield>
   <marc:datafield ind1=" " ind2=" " tag="041">
      <marc:subfield code="a">ger</marc:subfield>
   </marc:datafield>
   <marc:datafield ind1="0" ind2=" " tag="490">
      <marc:subfield code="v">1. Bd.</marc:subfield>
   </marc:datafield>
   <marc:datafield ind1=" " ind2=" " tag="338">
      <marc:subfield code="a">Band</marc:subfield>
   </marc:datafield>
   <marc:datafield ind1=" " ind2=" " tag="300">
      <marc:subfield code="a">507 Seiten</marc:subfield>
   </marc:datafield>
</marc:record>
